| 000 | 00591nam a22001697a 4500 | ||
|---|---|---|---|
| 999 |
_c9375 _d9375 |
||
| 008 | 210408b ||||| |||| 00| 0 eng d | ||
| 040 | _aBMS College of Architecture | ||
| 100 | _aBhargavi, Ambati | ||
| 245 | _aPreparation of infrastructure plan for the extended area of Huda - Proposal for Bhongir | ||
| 300 | _a71p. | ||
| 500 | _a1BM13AHD02 | ||
| 502 |
_8M,Arch (Habitat Design) _NBMS College of Architecture, Visvesvaraya Technological University _aDissertation _d2015 |
||
| 650 | _aNA | ||
| 700 |
_aMamatha P Raj _eGuide |
||
| 700 |
_aSadashiv Chakravarthy _eGuide |
||
| 942 |
_2ddc _cPGTHE |
||